| Tag |
First Indicator |
Second Indicator |
Subfields |
| LEADER |
00000cam a2200000 a 4500 |
| 001 |
in00000084433 |
| 005 |
20151008061359.0 |
| 008 |
760422r19751638gw b 00010 ger d |
| 020 |
|
|
|a 3484160004
|
| 035 |
|
|
|a (OCoLC)02131272
|
| 035 |
|
|
|9 AAJ7935AM
|
| 040 |
|
|
|c DLM
|d OCL
|d m.c.
|d TXA
|d UtOrBLW
|
| 049 |
|
|
|a TXAM
|c [1655592]
|
| 090 |
|
|
|a PT1755
|b .A2 1975
|
| 100 |
1 |
|
|a Opitz, Martin,
|d 1597-1639.
|
| 245 |
1 |
0 |
|a Geistliche Poemata /
|c Martin Opitz ; Herausgegeben von Erich Trunz.
|
| 250 |
|
|
|a 2. uberarbeitete Aufl.
|
| 264 |
|
1 |
|a Tubingen :
|b M. Niemeyer,
|c 1975.
|
| 300 |
|
|
|a 408, 63 pages ;
|c 21 cm.
|
| 336 |
|
|
|a text
|b txt
|2 rdacontent
|
| 337 |
|
|
|a unmediated
|b n
|2 rdamedia
|
| 338 |
|
|
|a volume
|b nc
|2 rdacarrier
|
| 490 |
0 |
|
|a Deutsche Neudrucke. Reihe: Barock ;
|v 1
|
| 500 |
|
|
|a Reprint. Mullers, 1638.
|
| 504 |
|
|
|a Bibliography: page 29*-45*.
|
| 700 |
1 |
|
|a Trunz, Erich.
|
| 999 |
|
|
|a MARS
|
| 999 |
f |
f |
|s 9c62668e-bae0-325c-ae0e-5b2b638adebe
|i 67f3e63c-0db6-3021-a4f0-67b0cdce6988
|t 0
|
| 952 |
f |
f |
|p ric
|a Texas A&M University
|b Rellis Campus
|c Joint Library Facility
|d Remote Storage
|t 0
|e PT1755 .A2 1975
|h Library of Congress classification
|i unmediated -- volume
|m A14806193939
|
| 998 |
f |
f |
|a PT1755 .A2 1975
|t 0
|l Remote Storage
|